<?xml version="1.0" encoding="UTF-8"?>
<record
    xmlns:xsi="http://www.w3.org/2001/XMLSchema-instance"
    xsi:schemaLocation="http://www.loc.gov/MARC21/slim http://www.loc.gov/standards/marcxml/schema/MARC21slim.xsd"
    xmlns="http://www.loc.gov/MARC21/slim">

  <leader>00850nam a22001577a 4500</leader>
  <controlfield tag="003">OSt</controlfield>
  <controlfield tag="005">20151217162543.0</controlfield>
  <controlfield tag="008">151217b        xxu||||| |||| 00| 0 eng d</controlfield>
  <datafield tag="040" ind1=" " ind2=" ">
    <subfield code="c">RUA</subfield>
  </datafield>
  <datafield tag="082" ind1=" " ind2=" ">
    <subfield code="a">AED KAN 2008 B231 Or.1</subfield>
  </datafield>
  <datafield tag="100" ind1=" " ind2=" ">
    <subfield code="9">5069</subfield>
    <subfield code="a">KAN, PONHRITH.</subfield>
  </datafield>
  <datafield tag="245" ind1=" " ind2=" ">
    <subfield code="a">The study on social economic of people supported by tonle sap conservation project in  prek taol cor area, battambang province, &#x1780;&#x17B6;&#x179A;&#x179F;&#x17B7;&#x1780;&#x17D2;&#x179F;&#x17B6;&#x17A2;&#x17C6;&#x1796;&#x17B8;&#x179F;&#x17D2;&#x1790;&#x17B6;&#x1793;&#x1797;&#x17B6;&#x1796;&#x179F;&#x17C1;&#x178A;&#x17D2;&#x178B;&#x1780;&#x17B7;&#x1785;&#x17D2;&#x1785;&#x179F;&#x1784;&#x17D2;&#x1782;&#x1798;&#x179A;&#x1794;&#x179F;&#x17CB;&#x1794;&#x17D2;&#x179A;&#x1787;&#x17B6;&#x1787;&#x1793;&#x1780;&#x17D2;&#x179A;&#x17C4;&#x1798;&#x1780;&#x17B6;&#x179A;&#x1782;&#x17B6;&#x17C6;&#x1791;&#x17D2;&#x179A;&#x1796;&#x17B8;&#x1782;&#x17C6;&#x179A;&#x17C4;&#x1784;&#x17A2;&#x1797;&#x17B7;&#x179A;&#x1780;&#x17D2;&#x179F;&#x1791;&#x1793;&#x17D2;&#x179B;&#x17C1;&#x179F;&#x17B6;&#x1794;&#x1780;&#x17D2;&#x1793;&#x17BB;&#x1784;&#x178F;&#x17C6;&#x1794;&#x1793;&#x17CB;&#x179F;&#x17D2;&#x1793;&#x17BC;&#x179B;&#x1796;&#x17D2;&#x179A;&#x17C2;&#x1780;&#x1791;&#x17B6;&#x179B; &#x1781;&#x17C1;&#x178F;&#x17D2;&#x178F;&#x1794;&#x17B6;&#x178F;&#x17CB;&#x178A;&#x17C6;&#x1794;&#x1784;</subfield>
  </datafield>
  <datafield tag="260" ind1=" " ind2=" ">
    <subfield code="a">Phnom Penh</subfield>
    <subfield code="b">RUA</subfield>
    <subfield code="c">2008</subfield>
  </datafield>
  <datafield tag="300" ind1=" " ind2=" ">
    <subfield code="a">x; 63p.</subfield>
    <subfield code="b">ill.</subfield>
    <subfield code="c">29cm.</subfield>
  </datafield>
  <datafield tag="942" ind1=" " ind2=" ">
    <subfield code="2">ddc</subfield>
    <subfield code="c">AED</subfield>
  </datafield>
  <datafield tag="999" ind1=" " ind2=" ">
    <subfield code="c">4717</subfield>
    <subfield code="d">4717</subfield>
  </datafield>
  <datafield tag="952" ind1=" " ind2=" ">
    <subfield code="0">0</subfield>
    <subfield code="1">0</subfield>
    <subfield code="2">ddc</subfield>
    <subfield code="4">0</subfield>
    <subfield code="6">AED_KAN_2008_000000000000000_B231_OR_1</subfield>
    <subfield code="7">0</subfield>
    <subfield code="9">24264</subfield>
    <subfield code="a">LBB</subfield>
    <subfield code="b">LBB</subfield>
    <subfield code="c">B231</subfield>
    <subfield code="d">2015-12-17</subfield>
    <subfield code="o">AED KAN 2008 B231 Or.1</subfield>
    <subfield code="p">RUA031121</subfield>
    <subfield code="r">2015-12-17</subfield>
    <subfield code="w">2015-12-17</subfield>
    <subfield code="y">AED</subfield>
  </datafield>
  <datafield tag="952" ind1=" " ind2=" ">
    <subfield code="0">0</subfield>
    <subfield code="1">0</subfield>
    <subfield code="2">ddc</subfield>
    <subfield code="4">0</subfield>
    <subfield code="6">AED_KAN_2008_000000000000000_B231_OR_2</subfield>
    <subfield code="7">0</subfield>
    <subfield code="9">24265</subfield>
    <subfield code="a">LBB</subfield>
    <subfield code="b">LBB</subfield>
    <subfield code="c">B231</subfield>
    <subfield code="d">2015-12-17</subfield>
    <subfield code="o">AED KAN 2008 B231 Or.2</subfield>
    <subfield code="p">RUA034009</subfield>
    <subfield code="r">2015-12-17</subfield>
    <subfield code="w">2015-12-17</subfield>
    <subfield code="y">AED</subfield>
  </datafield>
  <datafield tag="952" ind1=" " ind2=" ">
    <subfield code="0">0</subfield>
    <subfield code="1">0</subfield>
    <subfield code="2">ddc</subfield>
    <subfield code="4">0</subfield>
    <subfield code="6">AED_KAN_2008_000000000000000_B231_OR_3</subfield>
    <subfield code="7">0</subfield>
    <subfield code="9">24266</subfield>
    <subfield code="a">LBB</subfield>
    <subfield code="b">LBB</subfield>
    <subfield code="c">B231</subfield>
    <subfield code="d">2015-12-17</subfield>
    <subfield code="o">AED KAN 2008 B231 Or.3</subfield>
    <subfield code="p">RUA030506</subfield>
    <subfield code="r">2015-12-17</subfield>
    <subfield code="w">2015-12-17</subfield>
    <subfield code="y">AED</subfield>
  </datafield>
  <datafield tag="952" ind1=" " ind2=" ">
    <subfield code="0">0</subfield>
    <subfield code="1">0</subfield>
    <subfield code="2">ddc</subfield>
    <subfield code="4">0</subfield>
    <subfield code="6">AED_KAN_2008_000000000000000_B231_OR_4</subfield>
    <subfield code="7">0</subfield>
    <subfield code="9">24267</subfield>
    <subfield code="a">LBB</subfield>
    <subfield code="b">LBB</subfield>
    <subfield code="c">B231</subfield>
    <subfield code="d">2015-12-17</subfield>
    <subfield code="o">AED KAN 2008 B231 Or.4</subfield>
    <subfield code="p">RUA031348</subfield>
    <subfield code="r">2015-12-17</subfield>
    <subfield code="w">2015-12-17</subfield>
    <subfield code="y">AED</subfield>
  </datafield>
  <datafield tag="952" ind1=" " ind2=" ">
    <subfield code="0">0</subfield>
    <subfield code="1">0</subfield>
    <subfield code="2">ddc</subfield>
    <subfield code="4">0</subfield>
    <subfield code="6">AED_KAN_2008_000000000000000_B231_OR_5</subfield>
    <subfield code="7">0</subfield>
    <subfield code="9">24268</subfield>
    <subfield code="a">LBB</subfield>
    <subfield code="b">LBB</subfield>
    <subfield code="c">B231</subfield>
    <subfield code="d">2015-12-17</subfield>
    <subfield code="o">AED KAN 2008 B231 Or.5</subfield>
    <subfield code="p">RUA031042</subfield>
    <subfield code="r">2015-12-17</subfield>
    <subfield code="w">2015-12-17</subfield>
    <subfield code="y">AED</subfield>
  </datafield>
  <datafield tag="952" ind1=" " ind2=" ">
    <subfield code="0">0</subfield>
    <subfield code="1">0</subfield>
    <subfield code="2">ddc</subfield>
    <subfield code="4">0</subfield>
    <subfield code="6">AED_KAN_2008_000000000000000_B231_OR_6</subfield>
    <subfield code="7">0</subfield>
    <subfield code="9">24269</subfield>
    <subfield code="a">LBB</subfield>
    <subfield code="b">LBB</subfield>
    <subfield code="c">B231</subfield>
    <subfield code="d">2015-12-17</subfield>
    <subfield code="l">1</subfield>
    <subfield code="o">AED KAN 2008 B231 Or.6</subfield>
    <subfield code="p">RUA031532</subfield>
    <subfield code="r">2023-09-01</subfield>
    <subfield code="s">2023-07-25</subfield>
    <subfield code="w">2015-12-17</subfield>
    <subfield code="y">AED</subfield>
  </datafield>
  <datafield tag="952" ind1=" " ind2=" ">
    <subfield code="0">0</subfield>
    <subfield code="1">0</subfield>
    <subfield code="2">ddc</subfield>
    <subfield code="4">0</subfield>
    <subfield code="6">AED_KAN_2008_000000000000000_B231_OR_7</subfield>
    <subfield code="7">0</subfield>
    <subfield code="9">24270</subfield>
    <subfield code="a">LBB</subfield>
    <subfield code="b">LBB</subfield>
    <subfield code="c">B231</subfield>
    <subfield code="d">2015-12-17</subfield>
    <subfield code="o">AED KAN 2008 B231 Or.7</subfield>
    <subfield code="p">RUA031592</subfield>
    <subfield code="r">2015-12-17</subfield>
    <subfield code="w">2015-12-17</subfield>
    <subfield code="y">AED</subfield>
  </datafield>
  <datafield tag="952" ind1=" " ind2=" ">
    <subfield code="0">0</subfield>
    <subfield code="1">0</subfield>
    <subfield code="2">ddc</subfield>
    <subfield code="4">0</subfield>
    <subfield code="6">AED_KAN_2008_000000000000000_B231_OR_8</subfield>
    <subfield code="7">0</subfield>
    <subfield code="9">24271</subfield>
    <subfield code="a">LBB</subfield>
    <subfield code="b">LBB</subfield>
    <subfield code="c">B231</subfield>
    <subfield code="d">2015-12-17</subfield>
    <subfield code="l">1</subfield>
    <subfield code="o">AED KAN 2008 B231 Or.8</subfield>
    <subfield code="p">RUA034278</subfield>
    <subfield code="r">2016-08-09</subfield>
    <subfield code="s">2016-07-27</subfield>
    <subfield code="w">2015-12-17</subfield>
    <subfield code="y">AED</subfield>
  </datafield>
  <datafield tag="952" ind1=" " ind2=" ">
    <subfield code="0">0</subfield>
    <subfield code="1">0</subfield>
    <subfield code="2">ddc</subfield>
    <subfield code="4">0</subfield>
    <subfield code="6">AED_KAN_2008_000000000000000_B231_OR_9</subfield>
    <subfield code="7">0</subfield>
    <subfield code="9">24272</subfield>
    <subfield code="a">LBB</subfield>
    <subfield code="b">LBB</subfield>
    <subfield code="c">B231</subfield>
    <subfield code="d">2015-12-17</subfield>
    <subfield code="l">1</subfield>
    <subfield code="o">AED KAN 2008 B231 Or.9</subfield>
    <subfield code="p">RUA034798</subfield>
    <subfield code="r">2023-07-19</subfield>
    <subfield code="s">2023-07-05</subfield>
    <subfield code="w">2015-12-17</subfield>
    <subfield code="y">AED</subfield>
  </datafield>
  <datafield tag="952" ind1=" " ind2=" ">
    <subfield code="0">0</subfield>
    <subfield code="1">0</subfield>
    <subfield code="2">ddc</subfield>
    <subfield code="4">0</subfield>
    <subfield code="6">AED_KAN_2008_000000000000000_B231_OR_10</subfield>
    <subfield code="7">0</subfield>
    <subfield code="9">24273</subfield>
    <subfield code="a">LBB</subfield>
    <subfield code="b">LBB</subfield>
    <subfield code="c">B231</subfield>
    <subfield code="d">2015-12-17</subfield>
    <subfield code="o">AED KAN 2008 B231 Or.10</subfield>
    <subfield code="p">RUA034329</subfield>
    <subfield code="r">2015-12-17</subfield>
    <subfield code="w">2015-12-17</subfield>
    <subfield code="y">AED</subfield>
  </datafield>
</record>
